Score 0/24 Timer 07:00
0 Plays Today
Location Settlement % Correct
In a gorge of the river BruinenRivendell
90.2%
Built against the face of Mount Mindolluin, overlooking the PelennorMinas Tirith
88.3%
Under the mountains Baranzinbar, Zirakzigil and BundushathûrKhazad-dûm
85.4%
On The Water, and including The HillHobbiton
84%
On the Great East Road and the GreenwayBree
80.6%
In a valley of the Ephel DúathMinas Morgul
76.3%
Guarding the Gap of RohanIsengard
75.8%
On the river AnduinOsgiliath
71%
On the Long LakeEsgaroth
62.5%
On the coast of LindonGrey Havens
59.3%
On a hill by the river SnowbournEdoras
58.2%
Between the Lonely Mountain and the Long LakeDale
57.7%
Location Settlement % Correct
On a spur of the Ash Mountains, overlooking GorgorothBarad-dur
56.9%
In southern MirkwoodDol Guldur
54%
At the source of the River RunningErebor
52.1%
On the coast of Gondor near the river MithlondDol Amroth
41.2%
Capital of Arnor at the end of the GreenwayFornost Erain
38.8%
Capital of the Shire on the White DownsMichel Delving
36.7%
In the northern Misty MountainsMount Gundabad
32.7%
Hill, in Lorien. 'The heart of Elvendom on Earth'Caras Galadhon
30.9%
On a clifftop overlooking the Snowbourn valleyDunharrow
30.6%
On lake Evendim (source of Baranduin)Annúminas
28.5%
An island in the river AnduinCair Andros
28.5%
On the river Anduin, just above its deltaPelargir
26.3%
Remove Ads.
Support Sporcle.
Get the best of Sporcle when you Go Orange. This ad-free experience offers more features, more stats, and more fun while also helping to support Sporcle. Thank you for becoming a member.

You're not logged in!

Compare scores with friends on all Sporcle quizzes.
OR
Log In

Sporcle TV

Today on Sporcle TV


Watch our educational content, quiz creation guides, and fun videos on Sporcle TV.

Show Comments

Extras

Top Quizzes Today


Score Distribution

Paid Content

Your Account Isn't Verified!

In order to create a playlist on Sporcle, you need to verify the email address you used during registration. Go to your Sporcle Settings to finish the process.

Report this User

Report this user for behavior that violates our Community Guidelines.

Details: